| 000 | 03040nam a22003015a 4500 | ||
|---|---|---|---|
| 003 | OSt | ||
| 005 | 20170221122019.0 | ||
| 008 | 161220s2011 ua frb 000 0 ara d | ||
| 015 | _a2009/2142 | ||
| 020 | _a9789770459285 | ||
| 040 |
_aEG-ScBUE _bara _cEG-ScBUE |
||
| 043 | _af-ua--- | ||
| 082 | 0 | 4 |
_a342.62083 _bز م ز _222 |
| 100 | 1 | _aزمزم، عبد المنعم. | |
| 245 | 1 | 0 |
_aأحكام الجنسية في القانون الدولي والقانون المصري المقارن / _cعبد المنعم زمزم. |
| 260 |
_aالقاهرة : _bدار النهضة العربية، _c2011. |
||
| 300 |
_a501 ص. ؛ _c24 سم. |
||
| 504 | _aيشتمل على إرجاعات ببليوجرافية. | ||
| 505 | 0 | _aماهية الجنسية - مركز قانون الجنسية بين فروع القانون - الجنسية الأصيلة في القانون الدولي : حق الدم - حق الإقليم - الجنسية الأصيلة في القانون المصري : حق الدم من ناحية الأبوين - تحديد المصريين الأصول - أبناء الأم المصرية المولودون قبل 15 يوليو 2004 : تجنس من نوع خاص - اكتساب الجنسية الطارئة : التجنس العادي - التجنس المطلق من الشروط - الميلاد المدعم بالإقامة - الميلاد المضاعف - الزواج المختلط - الضم والاندماج واستقلال الإقليم - فقد الجنسية : تغيير الجنسية - المصريون في المهجر - التجريد من الجنسية - سحب الجنسية - إسقاط الجنسية - إسقاط الجنسية عن المصري المتزوج من إسرائيلية واجب دستوري - العودة إلى الجنسية : الاسترداد الوجوبي - الاسترداد الجوازي - رد الجنسية : رد الجنسية بواسطة رئيس الجمهورية - رد الجنسية بواسطة وزير الداخلية - رد الجنسية للمهاجر هجرة دائمة - مشكلات الجنسية : ازدواج الجنسية - انعدام الجنسية - منازعات الجنسية : الاختصاص القضائي بمنازعات الجنسية - إثبات الجنسية : عبء الإثبات - الحالة الظاهرة - شهادة الجنسية - حجية الأحكام الصادرة في مسائل الجنسية - الجنسية في الشريعة الإسلامية - هل الإسلام دين وجنسية ؟ - جنسية الأشخاص الاعتبارية. | |
| 650 | 7 |
_aالجنسية _xقوانين وتشريعات _zمصر. _2BUEsh |
|
| 650 | 7 |
_aالمواطنة _xقوانين وتشريعات _zمصر. _2BUEsh |
|
| 650 | 7 |
_aالأجانب _xوضع قانوني، قوانين، إلخ. _zمصر. _2BUEsh |
|
| 650 | 7 |
_aالجنسية (قانون دولي) _2BUEsh |
|
| 650 | 7 |
_aالجنسية (فقه إسلامي) _2BUEsh |
|
| 651 | _2BUEsh | ||
| 653 |
_bLLAAWW _cDecember2016 |
||
| 942 | _2ddc | ||
| 999 |
_c23657 _d23629 |
||